000 01577cam a2200229 4500
001 WB3935-10
008 030916n2003 000 0 eng u
035 _a(Sirsi) u123609
245 _aNew house price index launched
260 _c2003
490 _aRICS News Service
_v 12 September 2003 (1)
490 _aODPM News Release
_v(HPI-9-03) 15 September 2003 (3)
490 _aODPM Statistical Release
_v(2003/0182) 15 September 2003 (2)
520 _aODPM has launched a new monthly house price index. This index covers mortgage transactions at the completion stage from more than fifty lenders, and will be the most comprehensive index available, at both a national and local level. It should also provide an accurate historical guide to trends across the country but it's main weaknesses are that it will be a month behind other house price information, being based upon completions, and it does not include cash transactions. Statistical release http://www.rics.org/ricscms/bin/show?class=News&template=/includes/shownews.html&id=6959&faculty=Residential%20Property&faculty=All%20Faculties; ODPM press release http://www.odpm.gov.uk/pns/DisplayPN.cgi?pn_id=2003_0180. RICS news http://www.rics.org/ricscms/bin/show?class=News&template=/includes/shownews.html&id=6959&faculty=Residential%20Property&faculty=All%20Faculties.
590 _aWB
650 _aHOUSE PRICE INDICES
650 _aGOVERNMENT STATISTICS
650 _aHOUSE PRICES
650 _aODPM HOUSE PRICE INDEX
690 _aPROPERTY-RESIDENTIAL PROPERTY-RESIDENTIAL PROPERTY MARKET
942 _n0
999 _c73406
_d73406